Statistics for FIFA FOOTBALL ARGENTINA PLAYERS BY PICTURE

Click here to take the quiz!

General Stats

  • This quiz has been taken 50 times
  • The average score is 20 of 26

Answer Stats

Answer% Correct
Lionel Messi
100%
Angel Di Maria
98%
Diego Maradona
96%
Emiliano Martinez
93%
Gonzalo Higuaín
93%
Sergio Aguero
91%
Javier Mascherano
89%
Alexis Mac Allister
87%
Lautaro Martinez
84%
Mauro Icardi
84%
Julian Alvarez
82%
Paulo Dybala
82%
Carlos Tevez
80%
Lisandro Martinez
80%
Enzo Fernandez
78%
Rodrigo De Paul
76%
Nicolás Otamendi
69%
Javier Zanetti
67%
Cristian Romero
64%
Hernán Crespo
64%
Marcos Acuna
62%
Ángel Correa
58%
Erik Lamela
58%
Alejandro Gómez
51%
Diego Milito
49%
Nicolás Tagliafico
49%

Score Distribution

Percentile by Number Answered

Percent of People with Each Score

Your Score History

You have not taken this quiz